Remišová, A.: Etické kódexy. Bratislava, Ekonóm 1998, 128 s.
Recenzia publikácie Remišová, A.: Etické kódexy. Bratislava, Ekonóm 1998, 128 s. Uvedená publikácia sa skladá z dvoch samostatných častí. Prvá časť sa zameriava na teoretické problémy etických kódexov. Druhá časť prezentuje výsledky empirického sociologického výskumu, ktorý bol realizovaný v r. 1996...
Salvato in:
| Autore principale: | |
|---|---|
| Natura: | Capitolo di libro |
| Lingua: | slovacco |
| Soggetti: | |
| Tags: |
Nessun Tag, puoi essere il primo ad aggiungerne!!
|
MARC
| LEADER | 00000naa a2200000 4500 | ||
|---|---|---|---|
| 001 | r034669 | ||
| 005 | 20230918075941.9 | ||
| 041 | 0 | |a slo | |
| 044 | |a SK | ||
| 245 | 1 | 0 | |a Remišová, A.: Etické kódexy. Bratislava, Ekonóm 1998, 128 s. |c Eva Hanuláková |
| 520 | |a Recenzia publikácie Remišová, A.: Etické kódexy. Bratislava, Ekonóm 1998, 128 s. Uvedená publikácia sa skladá z dvoch samostatných častí. Prvá časť sa zameriava na teoretické problémy etických kódexov. Druhá časť prezentuje výsledky empirického sociologického výskumu, ktorý bol realizovaný v r. 1996 na EU v Bratislave. | ||
| 610 | 2 | 0 | |a etika |
| 610 | 2 | 0 | |a etika podnikateľská |
| 610 | 2 | 0 | |a kódexy |
| 610 | 2 | 0 | |a Slovensko |
| 610 | 2 | 0 | |a recenzie |
| 610 | 2 | 0 | |a výskum sociologický |
| 610 | 2 | 0 | |a Ekonomická univerzita v Bratislave |
| 100 | 1 | |a Hanuláková, Eva, 1964- | |